000 00899nam a2200277 4500
003 MX-MxINE
005 20260530115315.0
008 260505b1969 it a|||| |||| 00| 0 ita d
040 _aICI
_bspa
_cICI
_erda
041 _aita
050 _aNK1505
_bD47 1969
100 1 _aFrateili, Enzo,
_eautor
_933510
245 1 0 _aDesign e civiltà della macchina /
_cEnzo Frateili
264 1 _aItalia :
_bEditalia,
_c1969
300 _a163 páginas :
_bilustraciones
336 _2rdacontent
_atexto
337 _2rdamedia
_asin medio
338 _2rdacarrier
_avolumen
650 4 _aDiseño industrial
_xHistoria
_ySiglo XX.
650 4 _aTecnología
_xInfluencia social.
_933512
650 4 _aMáquinas
_xAspectos culturales.
_933513
650 4 _aDiseño
_xAspectos sociales.
650 4 _aIndustrialización
_xImpacto cultural.
_933515
650 4 _aCultura tecnológica
_933516
942 _2lcc
_n1
_cBK
999 _c13553
_d13553